| 000 | 00940cam a2200301 a 4500 | ||
|---|---|---|---|
| 001 | 13011237 | ||
| 003 | OSt | ||
| 005 | 20230602112104.0 | ||
| 008 | 020919s2002 ke a 001 0aeng | ||
| 010 | _a 2002375325 | ||
| 020 | _a9966251537 (paper) | ||
| 020 | _a9966251545 (cased) | ||
| 040 |
_aDLC _cDLC _dDLC |
||
| 042 | _alcode | ||
| 043 | _af-ke--- | ||
| 082 | 0 | 0 |
_a920 _bMUN |
| 100 | 1 | _aMungai, J. M. | |
| 245 | 1 | 0 |
_aFrom simple to complex : _b The Journey of a Herds boy An Autobiography _cJoseph Maina Mũngai. |
| 260 |
_aNairobi : _bKenway Publications, _c2002. |
||
| 300 |
_a287 p. : _bill. ; _c23 cm. |
||
| 500 | _aIncludes index. | ||
| 600 | 1 | 0 | _aMungai, J. M. |
| 650 | 0 |
_aPhysicians _zKenya _vBiography. |
|
| 650 | 0 |
_aMedical teaching personnel _zKenya _vBiography. |
|
| 906 |
_a7 _bcbc _corigode _d2 _encip _f20 _gy-gencatlg |
||
| 942 |
_2ddc _cBK |
||
| 999 |
_c92 _d92 |
||